|
|
|
|
| LEADER |
00000nam0a2200000 4500 |
| 001 |
317831 |
| 005 |
20231102003020.0 |
| 010 |
|
|
|a 9785406024874
|
| 035 |
|
|
|a (RuTPU)RU\TPU\book\343299
|
| 090 |
|
|
|a 317831
|
| 100 |
|
|
|a 20160414d2016 m y0rusy50 ca
|
| 101 |
0 |
|
|a rus
|
| 102 |
|
|
|a RU
|
| 105 |
|
|
|a a j 001zy
|
| 200 |
1 |
|
|a Экономика труда
|e учебник для вузов
|f Н. В. Федорова, О. Ю. Минченкова
|
| 210 |
|
|
|a Москва
|c КноРус
|d 2016
|
| 215 |
|
|
|a 232 с.
|c ил.
|
| 225 |
1 |
|
|a Бакалавриат
|
| 320 |
|
|
|a Библиогр.: с. 229-232
|
| 330 |
|
|
|a "Экономика труда" является логическим продолжением учебника "Управление персоналом организации" и рассматривает более глубоко комплекс взаимосвязанных вопросов, раскрывающих фундаментальные проблемы и практические решения экономики труда как на организационном, так и государственном уровнях, с учетом социально-экономического развития России. Учебник отличается комплексным и системным подходом, материал основан на богатом отечественном и зарубежном опыте, позволяющем авторам давать практические рекомендации при решении проблем, касающихся трудовых процессов в организации. Соответствует ФГОС ВО 3+. Для студентов, аспирантов, преподавателей, специалистов и руководителей предприятий и организаций, повышающих квалификацию или проходящих профессиональную переподготовку. Учебник может быть использован для самостоятельного изучения предмета и в качестве справочника для руководителей и специалистов, профессионально занимающихся вопросами экономики труда в организации.
|
| 606 |
1 |
|
|a Труд
|x Экономика
|y Россия
|2 stltpush
|3 (RuTPU)RU\TPU\subj\37095
|9 58241
|
| 610 |
1 |
|
|a методология
|
| 610 |
1 |
|
|a организация труда
|
| 610 |
1 |
|
|a персонал
|
| 610 |
1 |
|
|a нормирование труда
|
| 610 |
1 |
|
|a регламентация
|
| 610 |
1 |
|
|a оплата труда
|
| 610 |
1 |
|
|a эффективность
|
| 610 |
1 |
|
|a повышение
|
| 610 |
1 |
|
|a учебники
|
| 686 |
|
|
|a У9(2)24я73
|v LBC/SL-A
|2 rubbk
|
| 700 |
|
1 |
|a Федорова
|b Н. В.
|g Наталья Васильевна
|
| 701 |
|
1 |
|a Минченкова
|b О. Ю.
|g Ольга Юрьевна
|
| 801 |
|
1 |
|a RU
|b 63413507
|c 20160414
|
| 801 |
|
2 |
|a RU
|b 63413507
|c 20160708
|g RCR
|
| 942 |
|
|
|c BK
|
| 959 |
|
|
|a 32/20160331
|d 1
|e 520,00
|f ЧЗГЛ:1
|